Famous People with Alliterative Names - Statistics

General Stats
  • This quiz has been taken 360 times
    326 since last reset
  • The average score is 16 of 62
Answer Stats
Brief Description Letter Answer % Correct
Silent Film Actor C Charlie Chaplin
70%
Dubious Discoverer of America C Christopher Columbus
58%
Escape Artist H Harry Houdini
58%
Austrian Archduke F Franz Ferdinand
53%
American Outlaw J Jesse James
51%
Swedish Tennis Player B Bjorn Borg
50%
US President C Calvin Coolidge
50%
Fashion Designer C Coco Chanel
49%
Playboy Founder H Hugh Hefner
48%
US President H Herbert Hoover
45%
Cubist Painter P Pablo Picasso
44%
Twist Dancer C Chubby Checker
42%
Italian Astronomer G Galileo Galilei
42%
70s Actress F Farrah Fawcett
40%
Wonder Woman Star G Gal Gadot
40%
US President R Ronald Reagan
40%
Irish Poet J James Joyce
36%
Asian-American Actress L Lucy Liu
36%
Pinup Model M Marilyn Monroe
34%
Nature Photographer A Ansel Adams
33%
TV Celebrities K Kim, Khloe, & Kourtney Kardashian
33%
Reclusive Billionaire H Howard Hughes
32%
Cambodian Dictator P Pol Pot
31%
Movie Director S Steven Spielberg
30%
US President W Woodrow Wilson
30%
Baseball Player B Barry Bonds
29%
Wild West Sharpshooter B Buffalo Bill
29%
American Composer G George Gershwin
29%
1st to See Jesus Alive M Mary Magdalene
29%
WWE Wrestler H Hulk Hogan
27%
Sentenced Jesus P Pontius Pilate
27%
Rehabilitating Actress L Lindsay Lohan
26%
Airplane Co-Inventor W Wilbur Wright
26%
Spanish Dictator F Fransisco Franco
25%
Scottish Freedom Fighter W William Wallace
23%
Hispanic Labor Leader C Cesar Chavez
18%
American Singer T Tina Turner
18%
American Actor D Danny DeVito
17%
Transcendentalist Poet W Walt Whitman
16%
Romantic Poet W William Wordsworth
16%
Former Real Madrid Manager Z Zinedine Zidane
16%
Aliased Rapper M Marshall Mathers
15%
Action Actor S Sylvester Stallone
14%
NFL Coach B Bill Belichick
13%
Comedy Actor M Mike Myers
13%
Percy Jackson Author R Rick Riordan
13%
Baseball Player M Mickey Mantle
12%
French Man. United Player P Paul Pogba
12%
American Actor K Kevin Kline
11%
Kentucky Senator M Mitch McConnell
11%
Dramatic Actor R Robert Redford
11%
Broadway Composer S Stephen Sondheim
10%
Vice President H Hubert Humphrey
9%
Yuan Emperor K Kublai Khan
9%
British Explorer H Henry Hudson
8%
King of Mali M Mansa Musa
8%
Action Actor R Ryan Reynolds
8%
Southern Author M Margaret Mitchell
6%
MCU Actor S Sebastian Stan
6%
WWI General, Vichy French Leader P Philippe Petain
5%
French WWI General F Ferdinand Foch
4%
Retired NFL Player S Steve Smith, Sr.
1%
No matching quizzes found
Score Distribution
Percent of People with Each Score
Percentile by Number Answered
Your Score History
You have not taken this quiz since the last reset